Griechische Mythologie - Wesen - Statistiken

Allgemein
  • Dieses Quiz wurde 375 mal gespielt
    368 seit der letzten Aktualisierung
  • Das Durchschnittsergebnis liegt bei 9 aus 15
Antwortstatistiken
Hint Antwort % Korrekt
Geflügeltes Pferd Pegasos
96%
Riesen mit einem Auge mitten auf der Stirn Zyklop
93%
Mensch mit Stierkopf im Labyrinth des Minos Minotaurus
90%
Gorgone mit Schlangenhaar und versteinerndem Blick Medusa
83%
Schneidet man einen Kopf ab, wachsen zwei nach Hydra
81%
Mischwesen aus Mensch und Pferd Zentaur
81%
Dreiköpfiger Höllenhund Zerberus
64%
Singendes Mischwesen aus Frau und Vogel Sirene
54%
Dämon im Gefolge des Dionysos mit Ziegenkörper Satyr
47%
Frauenkopf mit Löwenkörper und Flügeln Sphinx
46%
Weibliche Personifikationen von Naturkräften Nymphe
34%
Spinnen den Schicksalsfaden Moiren
29%
Weibliches Meeresungeheuer in einer Meerenge Skylla
26%
Saugt 3 Mal pro Tag Wasser in der gleichen Meerenge ein Charybdis
18%
Wasserpferd unter der Obhut Poseidons Hippocamp
18%
Keine übereinstimmenden Quizze gefunden
Verteilung der Resultate
Anzahl Personen mit jedem Resultat
Perzentil nach korrekt beantworteten Fragen
Ihre Resultats-Entwicklung
Sie haben dieses Quiz seit der letzten Aktualisierung nicht gespielt